Statistics for Every Premier League Goalscorer for Norwich City

Click here to take the quiz!

General Stats

  • This quiz has been taken 56 times
  • The average score is 22 of 88

Answer Stats

Player% Correct
Teemu Pukki
90%
Todd Cantwell
69%
Grant Holt
64%
Grant Hanley
56%
Josh Sargent
56%
Chris Sutton
51%
Andy Johnson
44%
Bradley Johnson
44%
Kenny McLean
44%
Russell Martin
41%
Sébastien Bassong
41%
Alexander Tettey
38%
Darren Huckerby
38%
Emiliano Buendía
38%
Jeremy Goss
38%
Jonny Howson
38%
Anthony Pilkington
36%
Wes Hoolahan
36%
Jamal Lewis
33%
Ricky van Wolfswinkel
33%
Ruel Fox
33%
Adam Idah
31%
Milot Rashica
31%
Nathan Redmond
31%
Onel Hernández
31%
Robert Snodgrass
31%
Timm Klose
31%
Dean Ashton
28%
Simeon Jackson
28%
Cameron Jerome
26%
Dieumerci Mbokani
26%
Elliott Bennett
26%
Leon McKenzie
26%
Mario Vrančić
26%
Mathias Normann
26%
Neil Adams
26%
Ryan Bennett
26%
Steven Naismith
26%
Gary Hooper
23%
Josip Drmić
23%
Leroy Fer
23%
Mark Robins
23%
Matt Jarvis
23%
Pierre Lees-Melou
23%
Ryan Jarvis
23%
Steve Morison
23%
Adam Drury
21%
Darren Eadie
21%
Ian Culverhouse
21%
Martin Olsson
21%
Michael Turner
21%
Andrew Omobamidele
18%
Andrew Surman
18%
Dennis Srbeny
18%
Kieran Dowell
18%
Steven Whittaker
18%
Damien Francis
15%
David Bentley
15%
Efan Ekoku
15%
Kei Kamara
15%
Mark Bowen
15%
Mathias Svensson
15%
Youssef Safri
15%
Ashley Ward
13%
Craig Fleming
13%
Gary Doherty
13%
Ian Crook
13%
Jamie Cureton
13%
Johan Elmander
13%
Lewis Grabban
13%
Robbie Brady
13%
David Phillips
10%
Gary Megson
10%
Mike Sheron
10%
Paul McVeigh
10%
Rob Ullathorne
10%
Daryl Sutch
8%
Ian Butterworth
8%
John Polston
8%
Jon Newsome
8%
Leon Barnett
8%
Ritchie De Laet
8%
Rob Newman
8%
Simon Charlton
8%
Darren Beckford
5%
Mike Milligan
5%
Carl Bradshaw
3%
Lee Power
3%

Score Distribution

Percentile by Number Answered

Percent of People with Each Score

Your Score History

You have not taken this quiz